Loading...

Gouri Lankesh Jeevitham Porattam Rakthasakshithwam/

Bibliographic Details
Main Author: Kishore K R
Format: Printed Book
Published: Thiruvananthapuram: Chintha Publishers, 2018.
Edition:2nd
Subjects:
LEADER 00641nam a22001937a 4500
999 |c 143876  |d 143876 
020 |a 9789386637956 
082 |a M 070.92  |b KIS/G 
100 |a Kishore K R 
245 |a Gouri Lankesh Jeevitham Porattam Rakthasakshithwam/  |c by Kishore K R 
250 |a 2nd 
260 |a Thiruvananthapuram:  |b Chintha Publishers,  |c 2018. 
300 |a 96p. 
650 |a Biography Gouri Lankesh 
650 |a Biography Journalist 
650 |a Biography 
650 |a Journalism 
942 |c BK 
952 |0 0  |1 0  |4 0  |6 M_070_920000000000000_KIS_G  |7 0  |9 100764  |a SSUS  |b SSUS  |c STACKS  |d 2019-11-14  |g 100.00  |o M 070.92 KIS/G  |p 097468  |r 2019-11-14  |w 2019-11-14  |y BK